000 00303nam a22001337a 4500
008 170505b xxu||||| |||| 00| 0 eng d
020 _a9780077400132
041 _aeng
080 _a343.9
100 _a15
101 _aSHJ
245 _aINTRODUCTION TO CRIMINAL JUSTICE
_cBOHM, R.M
942 _2udc
_cBK
999 _c12822
_d12822